000 00718nam a2200205 i 4500
001 70452
003 ES-MaACL
007 t|
008 040726s1985 sp ||||1| spa d
020 _a84-85866-75-4
100 1 _aGarcía de la Torre, Moisés.
_954456
245 1 0 _aLiteratura
_b: COU-Selectividad : modelos de comentario y análisis crítico /
_cMoisés García de la Torre ; [colaborador] Pedro Tenorio Matanzo.
260 _aMadrid :
_bDe la Torre,
_c1985.
300 _a126 p. ;
_c19 cm.
490 1 _aEquipo didáctico Epsilon ;
_v4
700 1 _aTenorio Matanzo, Pedro.
_9109701
830 0 _aEquipo didáctico Epsilon ;
_v4
_9183301
852 _aES-MaACL
_jL-8875
_bR.108674
999 _c70452
_d70452